[Event "Mumbai Wealth U2050 op 5th"]
[Site "Mumbai"]
[Date "2020.01.05"]
[Round "5"]
[White "Raees, Ahmed AQ"]
[Black "Vigneshwaran, S."]
[Result "0-1"]
[WhiteElo "1619"]
[BlackElo "1832"]
[PlyCount "110"]
[EventDate "2020.01.02"]
[EventType "swiss"]
[EventRounds "9"]
[EventCountry "IND"]
[SourceTitle "CBM 194 Extra"]
[Source "ChessBase"]
[SourceDate "2020.03.31"]
[SourceVersion "1"]
[SourceVersionDate "2020.03.31"]
[SourceQuality "1"]

1. e4 c5 2. Nf3 d6 3. d4 cxd4 4. Nxd4 Nf6 5. Nc3 a6 6. Be2 e5 7. Nb3 Be6 8. 0-0 Nbd7 9. f4 Qc7 10. Kh1 Rc8 11. f5 Bc4 12. Be3 b5 13. a3 Nb6 14. Nd2 Bxe2 15. Qxe2 Qb7 16. Rac1 Nc4 17. Nxc4 Rxc4 18. Rfd1 Nxe4 19. Nd5 Nf6 20. b3 Nxd5 21. bxc4 Nc3 22. Qd3 Nxd1 23. Rxd1 bxc4 24. Qxc4 Be7 25. Qa4+ Qb5 26. Qxb5+ axb5 27. Rb1 Kd7 28. Rxb5 Kc6 29. c4 Ra8 30. Rb6+ Kc7 31. Rb3 Ra4 32. Rc3 Kc6 33. Kg1 Bd8 34. Kf2 Ba5 35. Rb3 Rxc4 36. Rb8 d5 37. f6 gxf6 38. Rf8 f5 39. g3 d4 40. Bg5 Rc2+ 41. Kf1 Kd5 42. Rxf7 Rxh2 43. Rxf5 d3 44. g4 d2 45. Bxd2 Bxd2 46. Rf7 Bf4 47. Kg1 Rh4 48. Kf2 h6 49. Rg7 Ke4 50. Rb7 Rxg4 51. a4 Be3+ 52. Ke2 Rg2+ 53. Kf1 Ra2 54. a5 Kf3 55. Rb1 Rh2 0-1

[Event "Panchavati op 2nd"]
[Site "Panchavati"]
[Date "2016.05.22"]
[Round "10"]
[White "Raees, Ahmed AQ"]
[Black "Shashwat, Chakraborty"]
[Result "0-1"]
[WhiteElo "1710"]
[BlackElo "1872"]
[PlyCount "92"]
[EventDate "2016.05.17"]
[EventType "swiss"]
[EventRounds "10"]
[EventCountry "IND"]
[SourceTitle "CBM 172 Extra"]
[Source "ChessBase"]
[SourceDate "2016.06.21"]
[SourceVersion "1"]
[SourceVersionDate "2016.06.21"]
[SourceQuality "1"]

1. e4 e5 2. d4 exd4 3. Nf3 Nc6 4. Bc4 Bc5 5. Ng5 Nh6 6. Nxf7 Nxf7 7. Bxf7+ Kxf7 8. Qh5+ g6 9. Qxc5 d6 10. Qb5 Re8 11. 0-0 Rxe4 12. Qd5+ Re6 13. f4 Ne7 14. Qxd4 Nf5 15. Qf2 b6 16. Nc3 Ba6 17. Rd1 Bb7 18. b3 Nh4 19. Nd5 Bxd5 20. Rxd5 Qf8 21. Rb1 Qe7 22. Rd1 Re2 23. Qf1 Qe4 24. Kh1 Nxg2 25. Rd4 Qb7 26. Qxe2 Nxf4+ 27. Qe4 Re8 28. Bxf4 Rxe4 29. Rxe4 Qxe4+ 30. Kg1 Qxf4 31. Rf1 g5 32. Kg2 Ke6 33. Rxf4 gxf4 34. c3 Ke5 35. Kf3 h5 36. a3 d5 37. b4 b5 38. h3 c6 39. Kf2 Ke4 40. Ke2 h4 41. Kf2 f3 42. Kf1 Ke3 43. Ke1 f2+ 44. Kf1 Kf3 45. a4 bxa4 46. b5 a3 0-1

[Event "Panchavati op 2nd"]
[Site "Panchavati"]
[Date "2016.05.21"]
[Round "9"]
[White "Chitlange, Sakshi"]
[Black "Raees, Ahmed AQ"]
[Result "0-1"]
[WhiteElo "1928"]
[BlackElo "1710"]
[PlyCount "98"]
[EventDate "2016.05.17"]
[EventType "swiss"]
[EventRounds "10"]
[EventCountry "IND"]
[SourceTitle "CBM 172 Extra"]
[Source "ChessBase"]
[SourceDate "2016.06.21"]
[SourceVersion "1"]
[SourceVersionDate "2016.06.21"]
[SourceQuality "1"]

1. b3 e5 2. Bb2 Nc6 3. e3 d5 4. Bb5 Bd6 5. Nf3 Qe7 6. c4 dxc4 7. bxc4 Bd7 8. Nc3 Nf6 9. d3 0-0 10. 0-0 Rad8 11. Qe2 e4 12. dxe4 Nxe4 13. Nd5 Qe6 14. Rfd1 Rfe8 15. h3 Qh6 16. Qf1 Re6 17. Kh1 Rg6 18. Nf4 Bxf4 19. exf4 Bxh3 20. Rxd8+ Nxd8 21. gxh3 Qxf4 22. Qg2 Rxg2 23. Kxg2 c6 24. Rd1 Ne6 25. Ba4 N4c5 26. Bb3 a5 27. Ba3 Nxb3 28. axb3 Qf5 29. Rd2 g5 30. Bd6 g4 31. Ng1 gxh3+ 32. Nxh3 Ng5 33. Ng1 Ne4 34. Rd3 Qxf2+ 35. Kh1 Qc2 36. Rd4 f5 37. Bf4 Qf2 38. Rd8+ Kf7 39. Bh2 Qc2 40. Nf3 Nf2+ 41. Kg1 Ng4 42. Rd7+ Ke8 43. Rd2 Qxb3 44. Re2+ Kf7 45. Ne5+ Nxe5 46. Rxe5 Kf6 47. Re8 a4 48. Kg2 a3 49. Ra8 a2 0-1